| 000 | 00409nam a2200169Ia 4500 | ||
|---|---|---|---|
| 008 | 170705s9999 xx 000 0 und d | ||
| 020 | _a590897489 | ||
| 245 | _aChato's kitchen / | ||
| 245 | _cGary Soto ; illustrated by Susan Guevara. | ||
| 260 | _aNew York : | ||
| 260 | _bScholastic, | ||
| 260 | _c1995 | ||
| 300 | _aunpaged : | ||
| 300 | _bcolor illustration ; | ||
| 300 | _c27cm. | ||
| 500 | _a740 | ||
| 999 |
_c336346 _d336346 |
||